| 000 | 00765nam a2200229Ii 4500 | ||
|---|---|---|---|
| 003 | JO-AjNU | ||
| 008 | 230605s9999||||xx |||||||||||||| ||und|| | ||
| 017 | _a2013/9/5540 | ||
| 020 | _a978-9957-30-503-5 | ||
| 040 |
_aJO-AjNU _bara _erda _cJO-AjNU |
||
| 041 | _aara | ||
| 050 | 1 | 4 | _aPJ7804.A774 AB2 2014 |
| 100 | 3 |
_aنشوان، حسين, _eauthor _950357 |
|
| 245 | 0 | 0 | _aضفاف الكلام: رؤى في الثقافة العربية (دراسة) |
| 250 | _aط1 | ||
| 264 | 3 | 1 | _aعمان: دا فضاءات للنشر والتوزيع، 2014 |
| 300 | _a224ص | ||
| 336 |
_atext _btxt _2rdacontent |
||
| 337 |
_aunmediated _bn _2rdamedia |
||
| 338 |
_avolume _bnc _2rdacarrier |
||
| 650 | 4 |
_aالمقالات العربية - العصر الحديث _950358 |
|
| 999 |
_aA22177 _c25745 _d25745 |
||